| 000 | 00396 a2200133 4500 | ||
|---|---|---|---|
| 001 | 92268 | ||
| 082 | _aPR 2521 | ||
| 090 |
_c44214 _d44213 |
||
| 100 | _aSyed Rizwan Abbas;Dr. Azhar Hasa and Dr. Shoaib Arif (Advisors) | ||
| 245 |
_aMultipath Enabled Time Reversal System for RF Communications _n77 "B" EC |
||
| 260 |
_aIslamabad _bNUST _c2014 |
||
| 300 | _ax,48p. | ||
| 500 | _aBE Project Reports | ||
| 942 |
_aCAE NUST _kPR 2521 |
||
| 999 |
_c327341 _d327341 |
||